<?xml version="1.0" encoding="UTF-8"?>
<record
    xmlns:xsi="http://www.w3.org/2001/XMLSchema-instance"
    xsi:schemaLocation="http://www.loc.gov/MARC21/slim http://www.loc.gov/standards/marcxml/schema/MARC21slim.xsd"
    xmlns="http://www.loc.gov/MARC21/slim">

  <leader>01837cam a22004214i 4500</leader>
  <controlfield tag="003">PE-LiUPU</controlfield>
  <controlfield tag="005">20250731183437.0</controlfield>
  <controlfield tag="008">150706s1998       a    rb    000 0 spa d</controlfield>
  <datafield tag="020" ind1=" " ind2=" ">
    <subfield code="a">9788837050757</subfield>
  </datafield>
  <datafield tag="035" ind1=" " ind2=" ">
    <subfield code="a">(Sirsi) i9788837050757</subfield>
  </datafield>
  <datafield tag="040" ind1=" " ind2=" ">
    <subfield code="a">PE-LiUPU</subfield>
    <subfield code="b">spa</subfield>
    <subfield code="c">PE-LiUPU</subfield>
    <subfield code="e">rda</subfield>
  </datafield>
  <datafield tag="049" ind1=" " ind2=" ">
    <subfield code="a">PRUA</subfield>
  </datafield>
  <datafield tag="082" ind1="0" ind2="4">
    <subfield code="a">720.92</subfield>
    <subfield code="b">A11</subfield>
    <subfield code="2">21</subfield>
  </datafield>
  <datafield tag="100" ind1="1" ind2=" ">
    <subfield code="a">Aalto, Alvar Henrik,</subfield>
    <subfield code="d">1898-1976,</subfield>
    <subfield code="e">autor.</subfield>
  </datafield>
  <datafield tag="245" ind1="1" ind2="0">
    <subfield code="a">Alvar Aalto :</subfield>
    <subfield code="b">1898-1976 /</subfield>
    <subfield code="c">por Peter Reed ; traducido por Mar&#xED;a Cristina Coldagelli. [et al.].</subfield>
  </datafield>
  <datafield tag="264" ind1=" " ind2="1">
    <subfield code="a">Reed, PeterMilano :</subfield>
    <subfield code="b">Electa,</subfield>
    <subfield code="c">1998.</subfield>
  </datafield>
  <datafield tag="300" ind1=" " ind2=" ">
    <subfield code="a">338 p&#xE1;ginas :</subfield>
    <subfield code="b">ilustraciones ;</subfield>
    <subfield code="c">29 cent&#xED;metros</subfield>
  </datafield>
  <datafield tag="336" ind1=" " ind2=" ">
    <subfield code="a">text</subfield>
    <subfield code="2">rdacontent</subfield>
  </datafield>
  <datafield tag="337" ind1=" " ind2=" ">
    <subfield code="a">unmediated</subfield>
    <subfield code="2">rdamedia</subfield>
  </datafield>
  <datafield tag="338" ind1=" " ind2=" ">
    <subfield code="a">volume</subfield>
    <subfield code="2">rdacarrier</subfield>
  </datafield>
  <datafield tag="504" ind1=" " ind2=" ">
    <subfield code="a">Incluye bibliograf&#xED;a.</subfield>
  </datafield>
  <datafield tag="505" ind1="0" ind2=" ">
    <subfield code="a">Alvar Aalto: verso un funzionalismo sintetico -- Aalto e la natura -- Aalto e I&#xB4;industria finlandese -- Alvar Aalto e il nuovo umanesimo dell&#xB4;epoca postbellica -- L&#xE9;redit&#xE1; di Alvar Aalto -- Catalogo delle opere -- Aalto e i concorsi -- Cronologia.</subfield>
  </datafield>
  <datafield tag="526" ind1=" " ind2=" ">
    <subfield code="a">P158</subfield>
  </datafield>
  <datafield tag="526" ind1=" " ind2=" ">
    <subfield code="a">P146</subfield>
  </datafield>
  <datafield tag="526" ind1=" " ind2=" ">
    <subfield code="a">P17</subfield>
  </datafield>
  <datafield tag="526" ind1=" " ind2=" ">
    <subfield code="a">P12</subfield>
  </datafield>
  <datafield tag="526" ind1=" " ind2=" ">
    <subfield code="a">P06</subfield>
  </datafield>
  <datafield tag="541" ind1=" " ind2=" ">
    <subfield code="g">004-000771;</subfield>
  </datafield>
  <datafield tag="600" ind1="1" ind2="4">
    <subfield code="a">Aalto, Alvar Henrik,</subfield>
    <subfield code="d">1898-1976</subfield>
  </datafield>
  <datafield tag="650" ind1="2" ind2="4">
    <subfield code="a">Arquitectos</subfield>
    <subfield code="x">Maestros de Obra.</subfield>
  </datafield>
  <datafield tag="700" ind1="1" ind2=" ">
    <subfield code="a">Coldagelli, Mar&#xED;a Cristina,</subfield>
    <subfield code="e">tr.</subfield>
  </datafield>
  <datafield tag="910" ind1=" " ind2=" ">
    <subfield code="a">fsr</subfield>
    <subfield code="c">jck</subfield>
    <subfield code="d">20130108</subfield>
  </datafield>
  <datafield tag="942" ind1=" " ind2=" ">
    <subfield code="2">ddc</subfield>
    <subfield code="c">BOOK</subfield>
  </datafield>
  <datafield tag="949" ind1=" " ind2=" ">
    <subfield code="a">720.92 A11</subfield>
    <subfield code="w">DEWEY</subfield>
    <subfield code="c">1</subfield>
    <subfield code="i">66341</subfield>
    <subfield code="l">CCODEBUL1</subfield>
    <subfield code="m">BUL</subfield>
    <subfield code="p">68.00</subfield>
    <subfield code="r">0</subfield>
    <subfield code="s">Y</subfield>
    <subfield code="t">BOOK</subfield>
    <subfield code="u">2015-7-6</subfield>
    <subfield code="x">INGENIERIA</subfield>
    <subfield code="P">P06</subfield>
    <subfield code="o">.STAFF. Colecci&#xF3;n General</subfield>
  </datafield>
  <datafield tag="994" ind1=" " ind2=" ">
    <subfield code="a">C0</subfield>
    <subfield code="b">PEPRU</subfield>
  </datafield>
  <datafield tag="596" ind1=" " ind2=" ">
    <subfield code="a">1</subfield>
  </datafield>
  <datafield tag="999" ind1=" " ind2=" ">
    <subfield code="a">720.92 A11</subfield>
    <subfield code="w">DEWEY</subfield>
    <subfield code="c">54602</subfield>
    <subfield code="i">66341</subfield>
    <subfield code="d">54602</subfield>
    <subfield code="e">2018-10-16</subfield>
    <subfield code="f">2021-11-9</subfield>
    <subfield code="g">7</subfield>
    <subfield code="l">CCODEBUL1</subfield>
    <subfield code="m">BUL</subfield>
    <subfield code="n">3</subfield>
    <subfield code="p">68.00</subfield>
    <subfield code="q">2</subfield>
    <subfield code="r">0</subfield>
    <subfield code="s">Y</subfield>
    <subfield code="t">BOOK</subfield>
    <subfield code="u">2015-7-6</subfield>
    <subfield code="x">INGENIERIA</subfield>
    <subfield code="P">P06</subfield>
    <subfield code="0">COMPRA</subfield>
    <subfield code="o">.STAFF. Colecci&#xF3;n Ingenier&#xED;a y Arquitectura</subfield>
  </datafield>
  <datafield tag="980" ind1=" " ind2=" ">
    <subfield code="8">1</subfield>
    <subfield code="g">ALBERTO SANCHEZ Responsable de Automatizaci&#xF3;n</subfield>
  </datafield>
  <datafield tag="952" ind1=" " ind2=" ">
    <subfield code="r">2025-12-02 00:00:00</subfield>
    <subfield code="i">8</subfield>
    <subfield code="l">3</subfield>
    <subfield code="o">720.92 A11</subfield>
    <subfield code="p">66341</subfield>
    <subfield code="s">2018-10-16</subfield>
    <subfield code="t">e1</subfield>
    <subfield code="v">73.00</subfield>
    <subfield code="w">2015-07-06</subfield>
    <subfield code="x">FIA</subfield>
    <subfield code="y">BK</subfield>
    <subfield code="z">inventario-2023-12-13</subfield>
    <subfield code="1">0</subfield>
    <subfield code="2">ddc</subfield>
    <subfield code="5">0</subfield>
    <subfield code="7">0</subfield>
    <subfield code="8">GEN</subfield>
    <subfield code="f">P06</subfield>
    <subfield code="a">BUL</subfield>
    <subfield code="b">BUL</subfield>
    <subfield code="c">GEN</subfield>
    <subfield code="d">2015-07-06</subfield>
    <subfield code="e">COMPRA</subfield>
    <subfield code="g">68.00</subfield>
  </datafield>
</record>
